Statistics for Family Guy Quiz #2

Click here to take the quiz!

General Stats

  • This quiz has been taken 29,636 times
    (11,014 since last reset)
  • The average score is 12 of 20

Answer Stats

QuestionAnswer% Correct
What character had his own spin-off?Cleveland
94%
Peter fights a giant animal on several occasions. What type of animal is it?Chicken
86%
Who is Rupert?Stewie's {Teddy} {Bear}
84%
Who busts through the wall and says "Oh Yeah!"The {Kool}-{Aid} Man
83%
What kind of business does Mort Goldman own?Pharmacy
80%
Who is the voice of Meg?Mila Kunis
77%
The ____ is the WordBird
75%
What is Lois's maiden name?Pewterschmidt
70%
What movie series was parodied by the Family Guy special "Blue Harvest"?Star Wars
63%
What street do the Griffins live on?Spooner
61%
What is "Faster than the Speed of Love"?Brian's {Novel}
60%
Who is the voice of Chris?Seth Green
54%
Family Guy takes place in the town of Quahog. But what is a quahog?a Clam
48%
What is the name of Peter's independent country?Petoria
46%
Where was Peter born?Mexico
44%
What holiday villain was Joe fighting when he lost the use of his legs?
(At least according to one story)
The Grinch
44%
What spooky character is voiced by Adam Corolla?Death
38%
What city has an American football team named the "Sillynannies"London
38%
Wacky waving inflatable arm-flailing _______Tubeman
37%
___________ Farm RemembersPepperidge
34%

Score Distribution

Percentile by Number Answered

Percent of People with Each Score

Your Score History

You have not taken this quiz since the last reset